| 000 | 00611nam a2200229Ia 4500 | ||
|---|---|---|---|
| 008 | 160901s9999 xx 000 0 und d | ||
| 020 | _a971-0454-15-0 | ||
| 050 | _aFIL TK 5105.8885 | ||
| 050 | _b.F59A53 2008 | ||
| 100 | _aAndes, Mhery-Ann. | ||
| 245 | _aSimple flash CS3 : | ||
| 245 | _bfully illustrated / | ||
| 245 | _cMhery-Ann Andes. | ||
| 260 | _aLegaspi City : | ||
| 260 | _bConvergelink Books, Corp., | ||
| 260 | _c2008 | ||
| 300 | _a190 pages : | ||
| 300 | _bill. ; | ||
| 300 | _c23 cm. | ||
| 500 | _aIncludes bibliographical references and index. | ||
| 650 | _aFalsh (Computer file). | ||
| 999 |
_c300770 _d300770 |
||